000 00338nam a2200145Ia 4500
008 230718s9999 xx 000 0 und d
041 _aEng.
082 _a523
_bFOW-F
100 _aFowler, H.W
245 0 _aFowlers Modern English
260 _aPakistan
_bOxford university Press
_c1905
300 _a725
650 _aLaw
999 _c27748
_d27748